000 00228nam a22000857a 4500
008 161217b xxu||||| |||| 00| 0 eng d
100 _92110
_aBacon.T
245 _aThe Ultimate Guitar Book
260 _aNew York
_bDorling Kindersley
_c1991
999 _c4995
_d4995